Top 20 Current National Football Teams - Statistics

General Stats
  • This quiz has been taken 143 times
  • The average score is 16 of 20
Answer Stats
Answer % Correct
3 France
98%
2 Brazil
97%
4 Argentina
96%
5 England
96%
8 Portugal
96%
11 Germany
94%
6 Italy
93%
7 Spain
93%
1 Belgium
92%
10 Netherlands
87%
15 Croatia
81%
13 USA
80%
9 Denmark
75%
17 Sweden
75%
16 Uruguay
73%
12 Mexico
72%
14 Switzerland
70%
19 Colombia
68%
18 Senegal
58%
20 Wales
42%
No matching quizzes found
Score Distribution
Percent of People with Each Score
Percentile by Number Answered
Your Score History
You have not taken this quiz